| 000 | 00830nam a2200265Ia 4500 | ||
|---|---|---|---|
| 003 | OSt | ||
| 005 | 20220925190827.0 | ||
| 006 | a|||||r|||| 00| 0 | ||
| 007 | ta | ||
| 008 | 220923b |||||||| |||| 00| 0 eng d | ||
| 020 | _a1584884320 | ||
| 037 | _cGeneral Book | ||
| 040 |
_aRTL _cRTL _beng |
||
| 041 |
_2eng _aeng |
||
| 082 | _aB2816M, P5 | ||
| 100 |
_aRue Havard _9239936 |
||
| 245 | 0 |
_aGaussain Markov Random Fields _b Theory and applicat |
|
| 260 |
_aBoca Raton _bChapman and Hall _c2005 |
||
| 300 |
_a263p _ccm. |
||
| 490 | _aMonographs on Statistics and Applied Probability Ed by V Isham etc. 104 | ||
| 500 | _aBibliography: p 237-253; Appendix: p 219-236 | ||
| 700 |
_a Held Leonhard _9239937 |
||
| 942 |
_hB2816M, P5 _cGB _2CC |
||
| 999 |
_c516119 _d516119 |
||